[Event "European Blitz 2022"]
[Site "Katowice POL"]
[Date "2022.12.16"]
[Round "14.34"]
[White "Saric, Ante"]
[Black "Haydon, David L"]
[Result "1-0"]
[WhiteTitle "GM"]
[BlackTitle "FM"]
[WhiteElo "2504"]
[BlackElo "2289"]
[WhiteFideId "14506254"]
[BlackFideId "415405"]
[EventDate "2022.12.16"]

1. Nf3 c6 2. g3 d5 3. Bg2 Bg4 4. O-O Bxf3 5. Bxf3 Nf6 6. d4 e6 7. Nd2 Bd6 8. e4
dxe4 9. Nxe4 Nxe4 10. Bxe4 Nd7 11. c3 Nf6 12. Bf3 Qc7 13. Kg2 O-O-O 14. Bg5 h6
15. Bxf6 gxf6 16. Bh5 f5 17. Qf3 Rhg8 18. c4 Kb8 19. d5 f4 20. dxc6 bxc6 21.
Rad1 Be5 22. b4 f5 23. b5 cxb5 24. Rb1 a6 25. cxb5 a5 26. b6 Qb7 27. Qxb7+ Kxb7
28. Bf7 Rg7 29. Bxe6 Rd2 30. Kh3 Rg5 31. Bf7 Bd4 32. Bd5+ Kb8 33. b7 Bxf2 34.
Bf3 fxg3 35. Rfd1 Rxd1 36. Rxd1 Rg8 37. Rd6 gxh2 38. Bh1 Bg3 39. Ra6 Kc7 40. Ra8 1-0

[Event "European Blitz 2022"]
[Site "Katowice POL"]
[Date "2022.12.16"]
[Round "14.35"]
[White "Tazbir, Marcin"]
[Black "Fus, Jakub"]
[Result "1-0"]
[WhiteTitle "GM"]
[BlackTitle "FM"]
[WhiteElo "2508"]
[BlackElo "2405"]
[WhiteFideId "1122452"]
[BlackFideId "1193023"]
[EventDate "2022.12.16"]

1. c4 Nf6 2. g3 e6 3. Bg2 d5 4. Nf3 dxc4 5. Qa4+ Bd7 6. Qxc4 c5 7. Ne5 Qc8 8.
O-O Nc6 9. Nxd7 Qxd7 10. Qa4 Be7 11. Nc3 O-O 12. Bxc6 bxc6 13. d3 Rab8 14. Qc2
Nd5 15. Ne4 Nb4 16. Qc3 Qd5 17. a3 f5 18. Nd2 Bf6 19. Qc4 Qxc4 20. Nxc4 Nc2 21.
Ra2 Nd4 22. Re1 Rfd8 23. Bf4 Rb5 24. a4 Rb7 25. Bd6 Be7 26. Be5 Bf6 27. Bxd4
cxd4 28. Na5 Rb6 29. Rc1 Rc8 30. Nc4 Rb4 31. Rc2 Be7 32. Ne5 c5 33. a5 Bd6 34.
Nc4 Be7 35. a6 Kf8 36. Kf1 Rc6 37. Ne5 Rc7 38. Rc4 Bf6 39. Rxb4 cxb4 40. Nc4 Rc6
41. Ra5 Be7 42. Ke1 b3 43. Kf1 Ke8 44. Kg2 g6 45. Kf3 Bd8 46. Rb5 Rxa6 47. Rxb3
Rc6 48. Rb8 Ke7 49. h4 Bc7 50. Rc8 Rc5 51. h5 gxh5 52. Rh8 Bd8 53. Rxh7+ 1-0

[Event "European Blitz 2022"]
[Site "Katowice POL"]
[Date "2022.12.16"]
[Round "14.36"]
[White "Voege, Tobias"]
[Black "Fridman, Daniel"]
[Result "0-1"]
[WhiteTitle "FM"]
[BlackTitle "GM"]
[WhiteElo "2300"]
[BlackElo "2602"]
[WhiteFideId "1270513"]
[BlackFideId "11600454"]
[EventDate "2022.12.16"]

1. d4 d5 2. c4 e6 3. Nc3 c5 4. Nf3 cxd4 5. Nxd4 e5 6. Ndb5 d4 7. Nd5 Na6 8. Qa4
Bd7 9. g3 Bc6 10. Bg2 Qd7 11. O-O Nf6 12. e4 Be7 13. f4 O-O 14. fxe5 Ng4 15. Bh3
Bc5 16. b4 Nxb4 17. Nxb4 d3+ 18. Kg2 Bxe4+ 19. Rf3 d2 20. Bb2 Ne3+ 21. Kf2 Qxh3 0-1

[Event "European Blitz 2022"]
[Site "Katowice POL"]
[Date "2022.12.16"]
[Round "14.37"]
[White "Kacprzak, Kacper"]
[Black "Azarov, Sergei"]
[Result "1/2-1/2"]
[BlackTitle "GM"]
[WhiteElo "2289"]
[BlackElo "2562"]
[WhiteFideId "21819319"]
[BlackFideId "13501470"]
[EventDate "2022.12.16"]

1. e4 e5 2. Nf3 Nc6 3. Bb5 a6 4. Ba4 Nf6 5. O-O Be7 6. d3 b5 7. Bb3 d6 8. a3 O-O
9. Nc3 Bg4 10. Be3 Nd4 11. Bxd4 exd4 12. Nd5 Nd7 13. h3 Bxf3 14. Qxf3 c6 15.
Nxe7+ Qxe7 16. Qg3 Nc5 17. Ba2 Na4 18. Rab1 Rac8 19. f4 c5 20. Bd5 Nb6 21. Rbe1
Rfe8 22. Kh2 Kh8 23. Qg4 g6 24. Qf3 Nxd5 25. exd5 Qf6 26. Re4 Rxe4 27. dxe4 Re8
28. Re1 Kg7 29. g4 h6 30. Kg3 a5 31. h4 g5 32. fxg5 hxg5 33. hxg5 Qxg5 34. Qf4
Qe5 35. Qxe5+ Rxe5 36. Kf4 f6 37. Rd1 Re8 38. Kf5 Re5+ 39. Kf4 Kg6 40. c3 dxc3
41. bxc3 Re8 42. Rb1 Rb8 43. Rg1 b4 44. cxb4 axb4 45. axb4 cxb4 46. g5 b3 47.
gxf6+ Kxf6 48. Rf1 b2 49. Ke3+ Ke7 50. Rb1 Rb7 51. Kd4 Kf6 52. Rf1+ Kg5 53. Rg1+
Kf4 54. Rf1+ Kg3 55. Rb1 Kf3 56. e5 dxe5+ 57. Kxe5 Ke3 58. d6 Kd2 59. Ke6 Kc2
60. Rxb2+ Kxb2 61. d7 Rxd7 62. Kxd7 1/2-1/2

[Event "European Blitz 2022"]
[Site "Katowice POL"]
[Date "2022.12.16"]
[Round "14.38"]
[White "Blohberger, Felix"]
[Black "Madan, Augustin"]
[Result "1/2-1/2"]
[WhiteTitle "GM"]
[BlackTitle "IM"]
[WhiteElo "2490"]
[BlackElo "2292"]
[WhiteFideId "1632051"]
[BlackFideId "1210327"]
[EventDate "2022.12.16"]

1. d4 Nf6 2. c4 e6 3. Nc3 d5 4. cxd5 exd5 5. Bg5 c6 6. e3 Be6 7. Bd3 Nbd7 8. Nf3
h6 9. Bf4 g5 10. Be5 Nxe5 11. Nxe5 Nd7 12. Nxd7 Qxd7 13. h4 g4 14. g3 Bf5 15.
Ne2 Bd6 16. Qc2 Bxd3 17. Qxd3 h5 18. O-O-O O-O-O 19. Kb1 Kb8 20. Rc1 Qe6 21. Rc2
f5 22. Nc3 Bb4 23. Rhc1 Bxc3 24. Qxc3 Rhe8 25. Qb4 Qd6 26. Qa4 Rc8 27. Rc5 Re6
28. a3 b6 29. Qb3 Re7 30. R5c2 Rec7 31. Qd3 Qe6 32. b4 Qe4 33. Qb3 b5 34. Kb2 a6
35. a4 Qe6 36. Ra1 Rb7 37. Qc3 Qd6 38. Qc5 Qxc5 39. Rxc5 Kc7 40. Rc3 Kd7 41.
axb5 axb5 42. Ra6 Rbb8 43. Rca3 Rb7 44. Kc3 Rcc7 45. Kd3 Rc8 46. Ke2 Rcc7 47.
Ra2 Rc8 48. Ra1 Rbb8 49. f3 Kd6 50. Ra7 Rc7 51. fxg4 fxg4 52. Rxc7 Kxc7 53. Ra7+
Kd6 54. Kd3 Rf8 55. Rh7 Rf3 56. Rxh5 Rxg3 57. Rh6+ Kd7 58. h5 Rg2 59. Rg6 Rh2
60. h6 g3 61. Rg7+ Kd6 62. h7 Ke6 63. Rg6+ Kd7 64. Rg7+ Ke6 65. e4 dxe4+ 66.
Kxe4 g2 67. Rxg2 Rxh7 68. Rg6+ Kd7 1/2-1/2

[Event "European Blitz 2022"]
[Site "Katowice POL"]
[Date "2022.12.16"]
[Round "14.39"]
[White "Hjartarson, Johann"]
[Black "Molenda, Marcin"]
[Result "0-1"]
[WhiteTitle "GM"]
[BlackTitle "FM"]
[WhiteElo "2476"]
[BlackElo "2381"]
[WhiteFideId "2300044"]
[BlackFideId "1173065"]
[EventDate "2022.12.16"]

1. d4 Nf6 2. c4 g6 3. Nc3 Bg7 4. e4 d6 5. Nf3 O-O 6. Be2 e5 7. d5 a5 8. Bg5 Na6
9. Nd2 Qe8 10. O-O Nd7 11. a3 f5 12. f3 f4 13. b4 Bf6 14. Bxf6 Rxf6 15. Nb3 g5
16. Nxa5 Rh6 17. h3 Nf6 18. Rf2 Qh5 19. Bf1 g4 20. fxg4 Bxg4 21. Be2 Bxe2 22.
Qxe2 Qh4 23. c5 Kh8 24. cxd6 cxd6 25. Nxb7 Nh5 26. Rf3 Rg8 27. Ra2 Nc7 28. b5
Ng3 29. Qc4 Qg5 30. Nxd6 Rxd6 31. Qxc7 Rh6 32. Kh2 Rxh3+ 33. gxh3 Nf1+ 0-1

[Event "European Blitz 2022"]
[Site "Katowice POL"]
[Date "2022.12.16"]
[Round "14.40"]
[White "Gavrilescu, David"]
[Black "Bartel, Michal"]
[Result "1-0"]
[WhiteTitle "IM"]
[BlackTitle "FM"]
[WhiteElo "2522"]
[BlackElo "2250"]
[WhiteFideId "1227190"]
[BlackFideId "1119257"]
[EventDate "2022.12.16"]

1. e4 e5 2. Bc4 Nf6 3. Nc3 Nxe4 4. Qh5 Nd6 5. Bb3 Be7 6. Qxe5 O-O 7. d3 Bf6 8.
Qf4 Nc6 9. Nge2 Ne7 10. O-O Ng6 11. Qg3 Nf5 12. Qf3 Nd4 13. Nxd4 Bxd4 14. Be3
Bxc3 15. bxc3 c6 16. Rfe1 d5 17. Bc5 Re8 18. c4 dxc4 19. Bxc4 Be6 20. Bxe6 fxe6
21. Re4 Qd5 22. Bb4 c5 23. Bc3 Rf8 24. Qe3 Rae8 25. a4 Rf5 26. Re1 e5 27. Rc4 b6
28. g3 Ref8 29. Re2 h6 30. Re4 Nf4 31. gxf4 exf4 32. Qf3 c4 33. dxc4 Qd1+ 34.
Be1 Kh7 35. Qd3 Qa1 36. Rxf4 1-0

[Event "European Blitz 2022"]
[Site "Katowice POL"]
[Date "2022.12.16"]
[Round "14.41"]
[White "Kulon, Klaudia"]
[Black "Costachi, Mihnea"]
[Result "0-1"]
[WhiteTitle "IM"]
[BlackTitle "IM"]
[WhiteElo "2274"]
[BlackElo "2476"]
[WhiteFideId "1131044"]
[BlackFideId "1217518"]
[EventDate "2022.12.16"]

1. c4 Nf6 2. g3 g6 3. Bg2 Bg7 4. Nc3 O-O 5. e3 c6 6. e4 d5 7. cxd5 cxd5 8. exd5
Nbd7 9. Nge2 Nb6 10. Qb3 Bf5 11. a4 Nbd7 12. d4 Rc8 13. a5 Bd3 14. O-O b6 15. a6
Nb8 16. Re1 Bc4 17. Qa3 Re8 18. Nf4 g5 19. Nfe2 h6 20. Be3 Nxd5 21. Nxd5 Bxd5
22. Nc3 Bxg2 23. Kxg2 Qd7 24. Rad1 Qc6+ 25. d5 Qc4 26. d6 exd6 27. Qxd6 Nxa6 28.
Nd5 Qc6 29. Qxc6 Rxc6 30. Ra1 Nc7 31. Nb4 Rc4 32. Rxa7 Nb5 33. Ra4 Bxb2 34. Bd2
Rd8 35. Re2 Bc3 36. Be1 Kg7 37. h3 Rdd4 38. Ra8 Rxb4 39. Bxc3 Nxc3 40. Re7 Ne4
41. Raa7 Nd6 42. Rad7 Rd2 43. Re6 Rbd4 44. Kf3 R4d3+ 45. Kg2 b5 46. Re5 b4 0-1

[Event "European Blitz 2022"]
[Site "Katowice POL"]
[Date "2022.12.16"]
[Round "14.42"]
[White "Klenburg, Michael"]
[Black "Hesse, Henrik"]
[Result "1-0"]
[WhiteTitle "IM"]
[WhiteElo "2347"]
[BlackElo "2160"]
[WhiteFideId "14102072"]
[BlackFideId "12952060"]
[EventDate "2022.12.16"]

1. g3 g6 2. Bg2 Bg7 3. c4 Nf6 4. Nc3 O-O 5. d3 c6 6. Nf3 d5 7. O-O Re8 8. Qb3 e6
9. Qc2 d4 10. Nb1 e5 11. Nbd2 Bf5 12. Ng5 h6 13. Nge4 Nxe4 14. Nxe4 Qc7 15. Rb1
Nd7 16. b4 Bxe4 17. Bxe4 f5 18. Bg2 Nf6 19. a4 e4 20. a5 g5 21. Bb2 Rad8 22.
dxe4 Nxe4 23. Rbd1 Qf7 24. Rd3 Nc3 25. Bxc3 dxc3 26. Rfd1 Rxd3 27. Qxd3 Qe6 28.
e3 Bf6 29. a6 bxa6 30. Bf1 Rd8 31. Qc2 Rxd1 32. Qxd1 Kg7 33. Qa4 Qe4 34. Qd1 c2
35. Qc1 1-0

[Event "European Blitz 2022"]
[Site "Katowice POL"]
[Date "2022.12.16"]
[Round "14.43"]
[White "Plichta, Kamil"]
[Black "Suder, Jakub"]
[Result "1-0"]
[WhiteTitle "FM"]
[BlackTitle "FM"]
[WhiteElo "2394"]
[BlackElo "2244"]
[WhiteFideId "1141830"]
[BlackFideId "1195310"]
[EventDate "2022.12.16"]

1. e4 c5 2. Nf3 e6 3. d4 cxd4 4. Bg5 f6 5. Bh4 Nc6 6. Nxd4 Nge7 7. Nc3 Nxd4 8.
Qxd4 Nc6 9. Qe3 Qa5 10. Be2 Bb4 11. O-O Bxc3 12. bxc3 b6 13. Rfd1 Ba6 14. c4 Rd8
15. Bg3 Ne5 16. Rd4 Qc5 17. Rad1 O-O 18. Qb3 Qc6 19. h3 Kh8 20. f4 Nf7 21. e5
fxe5 22. fxe5 Qc7 23. Qe3 Bb7 24. Kh2 Bc6 25. Rh4 Nh6 26. Rxh6 gxh6 27. Qxh6 Be4
28. Rd6 Rde8 29. Bh4 Rf7 30. Bf6+ Kg8 31. Bh5 Bg6 32. Bxg6 Rxf6 33. Qxh7+ Kf8
34. Qh8+ Ke7 35. Qxf6# 1-0

[Event "European Blitz 2022"]
[Site "Katowice POL"]
[Date "2022.12.16"]
[Round "14.44"]
[White "Grabarczyk, Miroslaw"]
[Black "Paehtz, Elisabeth"]
[Result "1/2-1/2"]
[WhiteTitle "GM"]
[BlackTitle "GM"]
[WhiteElo "2337"]
[BlackElo "2464"]
[WhiteFideId "1101684"]
[BlackFideId "4641833"]
[EventDate "2022.12.16"]

1. d4 e6 2. c4 b6 3. Nf3 Bb7 4. a3 f5 5. Nc3 Nf6 6. g3 g6 7. Bg2 Bg7 8. O-O O-O
9. Bg5 d6 10. Qc2 Qe8 11. Bxf6 Bxf6 12. e4 Bg7 13. exf5 gxf5 14. Rae1 Nd7 15.
Re2 Nf6 16. Ng5 Bxg2 17. Kxg2 f4 18. f3 e5 19. dxe5 dxe5 20. Nce4 Qh5 21. Nxf6+
Bxf6 22. Ne4 Bg7 23. c5 Qg6 24. Qc4+ Kh8 25. Rd2 fxg3 26. hxg3 Rad8 27. Rfd1
Rxd2+ 28. Rxd2 Qf5 29. Qe2 Qe6 30. Qd3 Bh6 31. Rd1 Qf5 32. Nc3 Qg5 33. Ne4 Qf5
34. Nc3 Qg5 35. Ne4 Qf5 1/2-1/2

[Event "European Blitz 2022"]
[Site "Katowice POL"]
[Date "2022.12.16"]
[Round "14.45"]
[White "Kuzmicz, Krystian"]
[Black "Trushko, Andrii"]
[Result "1-0"]
[WhiteTitle "IM"]
[WhiteElo "2466"]
[BlackElo "2006"]
[WhiteFideId "1119125"]
[BlackFideId "14172887"]
[EventDate "2022.12.16"]

1. e4 c6 2. Nf3 d5 3. d3 d4 4. g3 c5 5. Bg2 Nc6 6. O-O e5 7. c3 f6 8. Na3 Be6 9.
cxd4 cxd4 10. Nh4 Bd6 11. f4 Nge7 12. Nf5 O-O 13. Qg4 Bxf5 14. exf5 exf4 15.
Bxf4 Ne5 16. Bxe5 Bxe5 17. Nc4 Rb8 18. Rae1 Nc6 19. Bxc6 bxc6 20. b3 Qd5 21. Re4
a5 22. Rfe1 Rfe8 23. Qe2 Rb5 24. Qh5 Rbb8 25. Rh4 h6 26. Rg4 Kh8 27. Rge4 Re7
28. Qe2 Rbe8 29. Qd2 Rc8 30. Nxa5 Ra8 31. Nc4 Qc5 32. Qe2 Qb4 33. Nxe5 Rxe5 34.
Rxe5 fxe5 35. Qxe5 Rf8 36. Rf1 Rf6 37. g4 Qd2 38. Qxd4 c5 39. Qxc5 Qxd3 40. Qf2
Qe4 41. Qg2 Qd4+ 42. Kh1 Kh7 43. Qf3 Ra6 44. Rf2 Qa1+ 45. Kg2 Qf6 46. h3 Qh4 47.
Qd3 Qf6 48. Qe4 Rd6 49. Qf4 Rd4 50. Qf3 Rd6 51. b4 Rd4 52. b5 Rb4 53. Qc6 Qg5
54. Qg6+ Qxg6 55. fxg6+ Kxg6 56. a4 Rxa4 57. Rb2 Ra7 58. b6 Rb7 59. Kf3 Kg5 60.
Ke4 Kh4 61. Rb3 g5 62. Kd5 Rxb6 63. Rxb6 Kxh3 64. Rxh6+ Kxg4 65. Ke4 Kg3 1-0

[Event "European Blitz 2022"]
[Site "Katowice POL"]
[Date "2022.12.16"]
[Round "14.46"]
[White "Karolczuk, Iwo"]
[Black "Zawadzka, Jolanta"]
[Result "1-0"]
[WhiteTitle "FM"]
[BlackTitle "WGM"]
[WhiteElo "2327"]
[BlackElo "2386"]
[WhiteFideId "21816972"]
[BlackFideId "1122320"]
[EventDate "2022.12.16"]

1. d4 d5 2. Nf3 Nf6 3. c4 e6 4. g3 dxc4 5. Bg2 a6 6. O-O b5 7. Ne5 Nd5 8. a4 Bb7
9. e4 Nf6 10. axb5 axb5 11. Rxa8 Bxa8 12. Nc3 c6 13. d5 Bd6 14. Nxc6 Nxc6 15.
Nxb5 Nb4 16. Nxd6+ Qxd6 17. Qa4+ Ke7 18. e5 Qxe5 19. Bf4 Qxb2 20. d6+ 1-0

[Event "European Blitz 2022"]
[Site "Katowice POL"]
[Date "2022.12.16"]
[Round "14.47"]
[White "Arkell, Keith C"]
[Black "Solys, Laimutis"]
[Result "1-0"]
[WhiteTitle "GM"]
[BlackTitle "FM"]
[WhiteElo "2406"]
[BlackElo "2289"]
[WhiteFideId "400270"]
[BlackFideId "12800368"]
[EventDate "2022.12.16"]

1. d4 d6 2. g3 Nf6 3. Bg2 g6 4. Nf3 Bg7 5. c4 O-O 6. Nc3 Nc6 7. O-O e5 8. dxe5
dxe5 9. Bg5 Be6 10. Nd5 e4 11. Nd2 Bxd5 12. cxd5 Qxd5 13. Nxe4 Qxd1 14. Rfxd1
Nxe4 15. Bxe4 Nd4 16. Be3 c5 17. Kf1 Rab8 18. Rac1 b6 19. b4 Rbc8 20. bxc5 bxc5
21. Rc4 Ne6 22. Rdc1 Rc7 23. Bd5 Rfc8 24. Bxe6 fxe6 25. Rxc5 Rxc5 26. Rxc5 Rxc5
27. Bxc5 a6 28. e4 Kf7 29. Ke2 Ke8 30. Kd3 Kd7 31. Kc4 Kc6 32. f4 Bb2 33. g4 Bc1
34. f5 gxf5 35. exf5 exf5 36. gxf5 Bg5 37. h3 Bf6 38. Bd4 Be7 39. f6 Bf8 40. Be5
Bh6 41. Kd4 Bf8 42. Ke4 Bh6 43. Bf4 Bf8 44. Kf5 Kd7 45. Bd2 Bc5 46. Bh6 Bd4 47.
f7 1-0

[Event "European Blitz 2022"]
[Site "Katowice POL"]
[Date "2022.12.16"]
[Round "14.48"]
[White "Zochowski, Kacper"]
[Black "Langheinrich, Ferenc"]
[Result "1/2-1/2"]
[WhiteTitle "FM"]
[BlackTitle "IM"]
[WhiteElo "2256"]
[BlackElo "2381"]
[WhiteFideId "1125494"]
[BlackFideId "4641973"]
[EventDate "2022.12.16"]

1. Nf3 Nf6 2. c4 g6 3. b3 Bg7 4. Bb2 O-O 5. g3 b6 6. Bg2 Bb7 7. O-O a5 8. Nc3
Na6 9. d4 Ne4 10. Qc1 Nxc3 11. Bxc3 f5 12. d5 Bxc3 13. Qxc3 Nc5 14. h4 e6 15.
dxe6 dxe6 16. h5 Qf6 17. Qxf6 Rxf6 18. hxg6 hxg6 19. Ne5 Bxg2 20. Kxg2 Kg7 21.
Rad1 Rff8 22. Nd7 Nxd7 23. Rxd7+ Rf7 24. Rfd1 Rf8 25. Rxf7+ Rxf7 26. f4 Kf6 27.
Kf3 e5 28. fxe5+ Kxe5 29. Rd8 Re7 30. Rg8 Kf6 31. Rf8+ Ke5 32. Rg8 Re6 33. Rg7
Kd6 34. e3 c6 35. Rg8 Kc5 36. Rb8 a4 37. bxa4 Re4 38. Rg8 Rg4 39. e4 Rxe4 40.
Rxg6 Rxc4 41. a5 b5 42. Rg5 Ra4 43. Rxf5+ Kd6 44. Rf6+ Kd5 45. Rf5+ Ke6 46. Rc5
Kd6 47. Rc2 Rxa5 48. Kf4 Ra8 49. g4 c5 50. Rd2+ Kc6 51. Ke5 Re8+ 52. Kf6 Re1 53.
g5 Rf1+ 54. Ke7 c4 55. g6 Re1+ 56. Kf7 Rf1+ 57. Ke7 Re1+ 1/2-1/2

[Event "European Blitz 2022"]
[Site "Katowice POL"]
[Date "2022.12.16"]
[Round "14.49"]
[White "Wilk, Krzysztof"]
[Black "Morgunov, Marc"]
[Result "0-1"]
[BlackTitle "FM"]
[WhiteElo "2107"]
[BlackElo "2402"]
[WhiteFideId "1116193"]
[BlackFideId "1640305"]
[EventDate "2022.12.16"]

1. b4 d5 2. Bb2 Nf6 3. e3 a5 4. b5 c5 5. c4 Bf5 6. Nf3 h6 7. cxd5 Nxd5 8. a3 Nd7
9. d3 Bh7 10. Nc3 N7f6 11. Be2 e6 12. O-O Be7 13. Nxd5 exd5 14. Rc1 O-O 15. Bxf6
gxf6 16. a4 b6 17. Nd2 Qd6 18. Qb3 Rad8 19. Rfd1 Rfe8 20. Bf3 Bf8 21. e4 c4 22.
dxc4 d4 23. Qd3 Qb4 24. Bg4 Qxa4 25. Bf5 Bxf5 26. exf5 Qa3 27. Nf3 Qxd3 28. Rxd3
Bc5 29. Rcd1 Re4 30. g3 a4 31. Nd2 Re2 32. Kf1 Re7 33. f3 a3 34. Ne4 Bb4 35.
Nxf6+ Kg7 36. Nd5 Rxd5 37. cxd5 Bc5 38. Ra1 Re5 39. g4 Rxd5 40. Kf2 Kf6 41. Kg3
Bd6+ 42. f4 Bc5 43. Kf3 Rd8 44. Ke4 Re8+ 45. Kd5 Re2 46. h4 a2 47. Rxd4 Bxd4 48.
Kxd4 Rb2 49. Kc4 Rf2 50. Kd5 Rxf4 51. Rxa2 Rxg4 52. Kc6 Kxf5 53. Kxb6 Rxh4 54.
Kc5 Rh3 55. Rf2+ Kg6 56. b6 Rb3 57. Rg2+ Kf5 58. Rf2+ Kg6 59. Rf4 f5 60. Rb4
Rc3+ 61. Kd6 Rc8 62. b7 Rf8 63. Kc7 Rf7+ 64. Kc8 Rf8+ 65. Kd7 Kg5 66. b8=Q Rxb8
67. Rxb8 f4 68. Ke6 f3 69. Rg8+ Kf4 70. Rf8+ Ke3 71. Kf5 f2 72. Kg6 Ke2 0-1

[Event "European Blitz 2022"]
[Site "Katowice POL"]
[Date "2022.12.16"]
[Round "14.50"]
[White "Spalir, Jernej"]
[Black "Vardanyan, Aras"]
[Result "1/2-1/2"]
[WhiteTitle "IM"]
[BlackTitle "CM"]
[WhiteElo "2377"]
[BlackElo "2271"]
[WhiteFideId "14606518"]
[BlackFideId "12808792"]
[EventDate "2022.12.16"]

1. d4 Nf6 2. c4 c5 3. d5 b5 4. cxb5 a6 5. bxa6 g6 6. Nc3 Bg7 7. e4 O-O 8. Nf3
Qa5 9. Bd2 Bxa6 10. Bxa6 Qxa6 11. Qe2 e6 12. Qxa6 Nxa6 13. O-O Nb4 14. a3 Nc2
15. Rac1 Nd4 16. Be3 Ng4 17. Bxd4 cxd4 18. Nb5 Rfb8 19. Nbxd4 Rxb2 20. h3 Ne5
21. dxe6 dxe6 22. Nxe5 Bxe5 23. Nc6 Bd6 24. Rfd1 Bf8 25. Rd3 Rxa3 26. Rxa3 Bxa3
27. Rd1 Bc5 28. Rf1 Rc2 29. Ne5 h5 30. g3 Re2 31. Nd3 Bd4 32. e5 Kg7 33. Rd1
Bxe5 34. Nxe5 Rxe5 35. h4 Ra5 36. Rd7 Kf6 37. Kg2 Ra3 38. Rb7 e5 39. Rc7 Ke6 40.
Rb7 f6 41. Rb6+ Kf5 42. Rb5 Ra6 43. Kf3 Ra3+ 44. Kg2 Rc3 45. Ra5 Rc2 46. Kf3 Rb2
47. Rc5 Ra2 48. Rb5 Rd2 49. Ra5 Rd3+ 50. Kg2 Ke6 51. Ra6+ Rd6 52. Ra8 e4 53. Ra5
Rd5 54. Ra6+ Ke5 55. Rb6 Ra5 56. Rc6 Kf5 57. Rb6 Re5 58. Ra6 e3 59. fxe3 Rxe3
60. Kf2 Re6 61. Ra4 Rb6 62. Rf4+ Ke5 63. Ra4 Rb5 64. Kf3 Rb3+ 65. Kg2 Kf5 66.
Ra5+ Ke6 67. Ra6+ Kf7 68. Ra7+ Kg8 69. Kf2 Rd3 70. Kg2 Re3 71. Kf2 Re5 72. Kf3
Kf8 73. Kf4 Re7 74. Ra8+ Kf7 75. Ra6 Rb7 76. Kf3 Rd7 77. Kf2 Ke7 78. Kf3 Rd6 79.
Ra7+ Ke6 80. Ra5 Rd5 81. Ra6+ Kf5 82. Ra4 Rd3+ 83. Kg2 Rb3 84. Ra5+ Ke6 85. Ra6+
Kf7 86. Ra7+ Kg8 87. Ra8+ Kg7 88. Ra7+ Kf8 89. Ra8+ Ke7 90. Ra7+ Ke6 91. Ra6+
Ke5 92. Ra5+ Ke4 93. Ra4+ Ke3 94. Ra6 Rb2+ 95. Kh3 Rf2 96. Re6+ Kd4 97. Re8 Rf5
98. Rg8 g5 99. hxg5 Rxg5 100. Re8 Kd5 101. Re1 Re5 102. Ra1 Ke6 103. Kh4 Kf7
104. Ra8 Kg7 105. Rb8 Ra5 106. Rc8 Kg6 107. Rg8+ Kf5 108. Kxh5 Ra1 109. g4+ Kf4
110. Kg6 Kxg4 111. Kxf6+ 1/2-1/2

[Event "European Blitz 2022"]
[Site "Katowice POL"]
[Date "2022.12.16"]
[Round "14.51"]
[White "Monroy, Charles"]
[Black "Marie, Maxime"]
[Result "1-0"]
[WhiteTitle "IM"]
[BlackTitle "CM"]
[WhiteElo "2395"]
[BlackElo "2175"]
[WhiteFideId "621641"]
[BlackFideId "625590"]
[EventDate "2022.12.16"]

1. Nf3 d5 2. d4 Nf6 3. c4 e6 4. g3 Bd6 5. Bg2 O-O 6. Nc3 b6 7. Nd2 Bb7 8. e4
dxe4 9. Ndxe4 Nxe4 10. Nxe4 Bb4+ 11. Bd2 Bxd2+ 12. Qxd2 Nd7 13. O-O Qe7 14. Nf6+
Nxf6 15. Bxb7 Rad8 16. Bg2 c5 17. d5 exd5 18. cxd5 Qd6 19. Rad1 Rfe8 20. Rfe1 h6
21. Rxe8+ Rxe8 22. Qd3 Re7 23. h3 Re5 24. a3 g6 25. Qc4 Kg7 26. b4 cxb4 27. Qxb4
Qxb4 28. axb4 a5 29. d6 Nd7 30. Bc6 Nb8 31. b5 a4 32. d7 Nxd7 33. Rxd7 a3 34.
Ra7 1-0

[Event "European Blitz 2022"]
[Site "Katowice POL"]
[Date "2022.12.16"]
[Round "14.52"]
[White "Wojdak, Jan"]
[Black "Stefanova, Antoaneta"]
[Result "0-1"]
[BlackTitle "GM"]
[WhiteElo "2115"]
[BlackElo "2442"]
[WhiteFideId "21817111"]
[BlackFideId "2902257"]
[EventDate "2022.12.16"]

1. e4 e5 2. Nf3 Nc6 3. Bb5 a6 4. Ba4 d6 5. c3 Bd7 6. h3 g6 7. d4 Bg7 8. Bg5 f6
9. Be3 Nge7 10. a3 O-O 11. Bb3+ Kh8 12. dxe5 dxe5 13. O-O Na5 14. Ba2 b6 15. c4
Be6 16. Qc2 c5 17. Rd1 Qc7 18. Bd2 Nac6 19. Nc3 Nd4 20. Qd3 f5 21. Nxd4 exd4 22.
Nd5 Nxd5 23. exd5 Bd7 24. b4 f4 25. Qf3 g5 26. bxc5 bxc5 27. Bb1 Bf5 28. Bxf5
Rxf5 29. Re1 Rb8 30. Qe4 Re5 31. Qd3 Rbe8 32. Rxe5 Rxe5 33. Rb1 Bf6 34. a4 Kg7
35. a5 Re7 36. Rb6 Qe5 37. Rxa6 Qe2 38. Qf5 Rf7 39. Qc2 d3 40. Qc1 Bd4 41. Qe1
Re7 42. Re6 Rxe6 43. dxe6 Qxe1+ 44. Bxe1 Be5 45. a6 Bb8 46. Bc3+ Kf8 47. Be5 d2
48. Bxb8 d1=Q+ 49. Kh2 Ke7 50. a7 Qa4 0-1

[Event "European Blitz 2022"]
[Site "Katowice POL"]
[Date "2022.12.16"]
[Round "14.53"]
[White "Mastrovasilis, Dimitrios"]
[Black "Yao, Lan"]
[Result "1-0"]
[WhiteTitle "GM"]
[BlackTitle "WIM"]
[WhiteElo "2605"]
[BlackElo "2271"]
[WhiteFideId "4202694"]
[BlackFideId "8610835"]
[EventDate "2022.12.16"]

1. e4 c5 2. Nf3 e6 3. c4 Nc6 4. d4 cxd4 5. Nxd4 Bb4+ 6. Nc3 Nf6 7. Nxc6 bxc6 8.
Bd3 d6 9. O-O O-O 10. Bg5 h6 11. Bh4 e5 12. Na4 Qe7 13. Qe2 Ba5 14. Rfd1 Bc7 15.
Rac1 Rb8 16. b3 Be6 17. Qe3 a5 18. Rd2 Rfd8 19. Be2 Rd7 20. Rcd1 Rbd8 21. h3 g5
22. Bg3 Nh7 23. Nb6 Bxb6 24. Qxb6 d5 25. cxd5 cxd5 26. exd5 Rxd5 27. Rxd5 Rxd5
28. Rxd5 Bxd5 29. Qxa5 Qe6 30. Bg4 Qc6 31. Qd8+ Kg7 32. Bxe5+ f6 33. Qe7+ Kg6
34. Bg3 Bxg2 35. Bd7 Qd5 36. Be8+ 1-0

[Event "European Blitz 2022"]
[Site "Katowice POL"]
[Date "2022.12.16"]
[Round "14.54"]
[White "Sotsky, Alexander"]
[Black "Dragnev, Valentin"]
[Result "0-1"]
[WhiteTitle "IM"]
[BlackTitle "GM"]
[WhiteElo "2333"]
[BlackElo "2556"]
[WhiteFideId "4130715"]
[BlackFideId "1634852"]
[EventDate "2022.12.16"]

1. d4 Nf6 2. Bg5 d5 3. e3 c5 4. c3 Nc6 5. Nd2 cxd4 6. exd4 h6 7. Bh4 Bf5 8. Ngf3
e6 9. Be2 Be7 10. O-O O-O 11. Re1 a6 12. Bg3 Nd7 13. Nf1 b5 14. a3 Nb6 15. Ne3
Be4 16. Ne5 Nxe5 17. Bxe5 Bd6 18. Bxd6 Qxd6 19. Bd3 Bxd3 20. Qxd3 Nc4 21. Nxc4
bxc4 22. Qf3 Rab8 23. Re2 Rb3 24. Rc1 Rfb8 25. Rcc2 Rxa3 26. g3 Rab3 27. Qe3
R8b7 28. f4 Qb8 29. Qc1 a5 30. Qa1 R7b5 31. Rf2 g6 32. h4 h5 33. Rce2 Kg7 34.
Kh2 Qa7 35. Qa4 Qb6 36. Qa1 a4 37. Qxa4 Rxb2 38. Kh3 Rb1 39. Qa8 Rh1+ 40. Kg2
Rbb1 41. Qe8 Rbg1+ 42. Kf3 Qb1 0-1